Ultra-high temperature ceramics : materials for extreme environment applications /

"This book will capture historic aspects and recent progress on the research and development of ultra-high temperature ceramics. This will be the first comprehensive book focused on this class of materials in more than 20 years. The book will review historic studies and recent progress in the f...

Full description

Bibliographic Details
Corporate Author: Knovel (Firm)
Other Authors: Fahrenholtz, William
Format: eBook
Language:English
Published: Hoboken, New Jersey : The America Ceramic Society/Wiley, [2014]
Subjects:
Online Access:Connect to the full text of this electronic book

MARC

Tag First Indicator Second Indicator Subfields
LEADER 00000cam a2200000Mi 4500
001 in00005676321
005 20260121210845.9
006 m o d
007 cr |n|||||||||
008 140626s2014 njua ob 001 0 eng d
010 |a  2014024691 
040 |a VT2  |b eng  |e pn  |c VT2  |d OCLCO  |d OCLCQ  |d OCLCF  |d UX1  |d OCLCO  |d OCLCL 
019 |a 1081256334  |a 1101729030  |a 1148105470  |a 1244445386 
020 |a 9781118700785  |q (hardback) 
020 |a 1118700783 
035 |a (OCoLC)1055402342  |z (OCoLC)1081256334  |z (OCoLC)1101729030  |z (OCoLC)1148105470  |z (OCoLC)1244445386 
050 0 0 |a TP807  |b .U48 2014 
082 0 4 |a 666  |2 23 
084 |a TEC021000  |a TEC009070  |a SCI013030  |2 bisacsh 
049 |a TXAM 
245 0 0 |a Ultra-high temperature ceramics :  |b materials for extreme environment applications /  |c edited by William G. Fahrenholtz, Eric. J. Wuchina, William E. Lee, Yanchun Zhou. 
260 |a Hoboken, New Jersey :  |b The America Ceramic Society/Wiley,  |c [2014] 
300 |a 1 online resource (xiii, 441 pages m) :  |b illustrations 
336 |a text  |b txt  |2 rdacontent 
337 |a computer  |b c  |2 rdamedia 
338 |a online resource  |b cr  |2 rdacarrier 
504 |a Includes bibliographical references and index. 
520 |a "This book will capture historic aspects and recent progress on the research and development of ultra-high temperature ceramics. This will be the first comprehensive book focused on this class of materials in more than 20 years. The book will review historic studies and recent progress in the field. The intent is to provide a broad overview and critical analysis rather than focus on the latest scientific results. The content will include synthesis, powder processing, densification, property measurement, and characterization of boride and carbide ceramics. Emphasis will be on materials for hypersonic aerospace applications such as wing leading edges and propulsion components for vehicles traveling faster than Mach 5, but will also include materials used in the extreme environments associated with high speed cutting tools and nuclear power generation"--  |c Provided by publisher. 
520 |a "This book provides a snapshot of the current state-of-the-art in the processing, densification, properties, and performance of boride and carbide ceramics. The book contains contributions from leading experts who have active research in ultra-high temperature ceramics"--  |c Provided by publisher. 
650 0 |a Ultra-high-temperature ceramics. 
650 0 |a Ceramic materials. 
650 0 |a Boron compounds. 
650 0 |a Carbon compounds. 
650 6 |a Matériaux céramiques. 
650 6 |a Bore  |x Composés. 
650 6 |a Carbone  |x Composés. 
650 7 |a ceramic (material)  |2 aat 
650 7 |a Boron compounds.  |2 fast  |0 (OCoLC)fst00836715 
650 7 |a Carbon compounds.  |2 fast  |0 (OCoLC)fst00846803 
650 7 |a Ceramic materials.  |2 fast  |0 (OCoLC)fst00850974 
650 7 |a Ultra-high-temperature ceramics.  |2 fast  |0 (OCoLC)fst01920741 
655 7 |a Electronic books.  |2 local 
700 1 |a Fahrenholtz, William. 
710 2 |a Knovel (Firm) 
758 |i has work:  |a Ultra-high temperature ceramics (Text)  |1 https://id.oclc.org/worldcat/entity/E39PCGmQHMr7Vy38jFpbYCvXgq  |4 https://id.oclc.org/worldcat/ontology/hasWork 
776 0 8 |i Print version:  |t Ultra-high temperature ceramics.  |d Hoboken, New Jersey : The America Ceramic Society/Wiley, [2014]  |w (DLC) 2014024691 
856 4 0 |u http://proxy.library.tamu.edu/login?url=https://app.knovel.com/hotlink/toc/id:kpUHTCMEE1/ultra-high-temperature?kpromoter=marc  |z Connect to the full text of this electronic book  |t 0 
887 |a TP807.U48 2014. 
955 |a Knovel ebooks 
994 |a 92  |b TXA 
999 f f |i 1483d0dc-5cbc-4978-8277-28064ee2a3ca  |s 0e17f376-aab3-421e-81a4-92a41143f8c8  |t 0 
952 f f |a Texas A&M University  |b College Station  |c Electronic Resources  |s www_evans  |d Available Online  |t 0  |e TP807 .U48 2014  |h Library of Congress classification 
998 f f |a TP807 .U48 2014  |t 0  |l Available Online